Learning to read (Record no. 1341352)

MARC details
000 -LEADER
fixed length control field 00540nam a2200205Ia 4500
005 - DATE AND TIME OF LATEST TRANSACTION
control field 20250508153224.0
008 - FIXED-LENGTH DATA ELEMENTS--GENERAL INFORMATION
fixed length control field 008 250505s9999 xx 000 0 eng d
037 ## - SOURCE OF ACQUISITION
Stock number Textual
040 ## - CATALOGING SOURCE
Original cataloging agency FEDL
Language of cataloging eng
Transcribing agency FEDL
041 ## - LANGUAGE CODE
Language code of text/sound track or separate title eng
Source of code eng
084 ## - COLON CLASSIFICATION NUMBER
Classification number 020, HAR
Assigning agency FEDL
100 ## - MAIN ENTRY--PERSONAL NAME
Personal name Harrison Joan
9 (RLIN) 763448
245 #0 - TITLE STATEMENT
Title Learning to read
260 ## - PUBLICATION, DISTRIBUTION, ETC.
Place of publication, distribution, etc. London, UK
Name of publisher, distributor, etc. Longmans, Green and Co.
Date of publication, distribution, etc. 1960
300 ## - PHYSICAL DESCRIPTION
Extent 123p.
365 ## - TRADE PRICE
Price type code INR
Price amount 3.2
650 ## - SUBJECT ADDED ENTRY--TOPICAL TERM
Topical term or geographic name entry element Library Science
942 ## - ADDED ENTRY ELEMENTS (KOHA)
Koha item type Textual
Classification part 020, HAR
Holdings
Withdrawn status Lost status Damaged status Not for loan Home library Current library Date acquired Cost, normal purchase price Total Checkouts Full call number Barcode Date last seen Price effective from Koha item type
        Department of Education Library Department of Education Library 2025-05-08 3.20   020, HAR EL0024200 2025-05-08 2025-05-08 Textual
Copyright @ Delhi University Library System